UBT Library

Microsoft Office 2007 / (Record no. 28)

000 -LEADER
fixed length control field 00654nam a22002297a 4500
008 - FIXED-LENGTH DATA ELEMENTS--GENERAL INFORMATION
fixed length control field 131004b xxu||||| |||| 00| 0 alb d
020 ## - INTERNATIONAL STANDARD BOOK NUMBER
International Standard Book Number 9789951487009
041 0# - LANGUAGE CODE
Language code of text/sound track or separate title alb
080 ## - UNIVERSAL DECIMAL CLASSIFICATION NUMBER
Universal Decimal Classification number 004
Common auxiliary subdivision (075.8)
100 1# - Rafti
Rafti Skenderi, Skender
245 10 - TITLE STATEMENT
Title Microsoft Office 2007 /
Statement of responsibility, etc Skender Skenderi ; Besnik Skenderi
246 ## - VARYING FORM OF TITLE
Remainder of title MS Word 2007
246 ## - VARYING FORM OF TITLE
Remainder of title MS Excel 2007
246 ## - VARYING FORM OF TITLE
Remainder of title MS Power Point 2007
260 ## -
-- Prishtinë :
-- Printing Press ;
-- 2007
300 ## -
-- 408 f. :
-- me il.;
-- 24 cm.
-- CD
500 ## -
-- Parathënie III-IV
650 #0 -
-- Kompjuterat
650 #0 -
-- Kompjuterat-Programimi-Softuerat
700 1# -
-- Skenderi, Besnik
942 ## - ADDED ENTRY ELEMENTS (KOHA)
Source of classification or shelving scheme
Item type Books
Holdings
Withdrawn status Lost status Source of classification or shelving scheme Damaged status Not for loan Collection code Permanent location Current location Shelving location Date acquired Total Checkouts Full call number Barcode Date last seen Koha item type
          Koleksioni i lëndeve mesimore UBT - Prishtine UBT - Prishtine Koleksioni i lëndeve mesimore 10/04/2013   004 (075.8) SKE 001-000013 10/04/2013 Books
UBT Library © 2015-2024. All rights reserved University Education for Business and Technology